000
00269nam a2200109Ia 4500
008
220204s9999 xx 000 0 und d
082
_a
651
_b
FIN
245
0
_a
Leadership in the office
260
_a
Bombay
_b
Taraporevala
_c
1977
700
_a
Finley, Robert E
942
_c
BK
999
_c
30372
_d
30372